Części ciała – nagła śmierć - Statystyki

Ogólne statystyki
  • Ten quiz został rozwiązany 11 010 razy
    11 009 od ostatniego zresetowania
  • Średni wynik to 12 z 20
Answers on the Grid
Answers color-coded by a green-red scale on the quiz's grid according to % correct below.
Akropol
Jabłko Adama
Aorta
Oskrzelik
Kieł
Naczynia włosowate
Rogówka
Czaszka
Dwunastnica
Mączka
Naskórek
Przełyk
Pęcherzyk żółciowy
Ścięgno Achillesa
Dysk twardy
Hipokamp
Otręby
Mońki
Neuron
Trzustka
Miednica
Rynienka podnosowa
Łupina
Maczeta
Sepsa
Przewód Shatnera
Tarczyca
Triceps
Skrzela
Kręg
 
Statystyki odpowiedzi
Odpowiedź % Poprawnych
Czaszka
73%
Trzustka
71%
Miednica
70%
Przełyk
70%
Ścięgno Achillesa
68%
Tarczyca
68%
Naskórek
67%
Triceps
67%
Jabłko Adama
66%
Kręg
66%
Aorta
65%
Dwunastnica
64%
Pęcherzyk żółciowy
64%
Rogówka
64%
Naczynia włosowate
60%
Kieł
55%
Neuron
53%
Rynienka podnosowa
35%
Oskrzelik
34%
Hipokamp
30%
Nie znaleziono quizów pasujących do podanych kryteriów
Rozkład punktacji
Procent ludzi z każdym wynikiem
Percentyl według liczby udzielonych odpowiedzi
Twoja historia wyników
Nie rozwiązałeś tego quizu od ostatniego zresetowania